000 00492nam a2200181 a 4500
005 20210219152949.0
008 991125n 000 0 u
035 _aUPN01000069337
100 _aD'CROZ, Luis
222 _aREVISTA DEL CONVENIO ANDRES BELLO
245 _aContaminación acuática en Panamá
362 _a1986 Año 10, no. 29, sep.-dic.
650 _aCONTAMINACIÓN DEL AGUA
650 _aMEDIO URBANO
650 _aPANAMÁ
904 _aAC
_b007148
905 _aArticulo
999 _c64939
_d64939